000
00225 a2200097 4500
001
37939
100
_a
Shafiq Aqeel
245
_a
Safarnama maghrabee Germany
260
_a
Lahore
_b
Fiction House
_c
1997
090
_c
24120
_d
24120
942
_a
NUST-CAE
_c
M
_c
15693
999
_c
273012
_d
273012